Country's Border (Tiles) - Statistics

General Stats
  • This quiz has been taken 48 times
  • The average score is 41 of 45
Answer Stats
Question Tile Select % Correct
Which countries borders France? (including territories) (Hint: 4 correct answers) Belarus No
100%
Which countries borders France? (including territories) (Hint: 4 correct answers) Belgium Yes
98%
Which countries borders France? (including territories) (Hint: 4 correct answers) Ireland No
98%
Which countries borders France? (including territories) (Hint: 4 correct answers) Spain Yes
98%
Which countries does Libya border? (Hint: 3 correct answers) Algeria Yes
95%
Which countries border Brazil? (Hint: 3 correct answers) Angola No
95%
Which countries border Russia? (Hint: five correct answers) Australia No
95%
Which countries border Saudi Arabia? (Hint: 3 correct answers) Australia No
95%
Which countries border Saudi Arabia? (Hint: 3 correct answers) Canada No
95%
Which countries border Saudi Arabia? (Hint: 3 correct answers) China No
95%
Which countries border Brazil? (Hint: 3 correct answers) Costa Rica No
95%
Which countries border Saudi Arabia? (Hint: 3 correct answers) India No
95%
Which countries does Libya border? (Hint: 3 correct answers) Israel No
95%
Which countries border Russia? (Hint: five correct answers) Japan No
95%
Which countries border Brazil? (Hint: 3 correct answers) Nigeria No
95%
Which countries borders France? (including territories) (Hint: 4 correct answers) Russia No
95%
Which countries does Libya border? (Hint: 3 correct answers) Saudi Arabia No
95%
Which countries border Saudi Arabia? (Hint: 3 correct answers) Turkey No
95%
Which countries border Saudi Arabia? (Hint: 3 correct answers) United Arab Emirates Yes
95%
Which countries does Libya border? (Hint: 3 correct answers) Chad Yes
93%
Which countries border Russia? (Hint: five correct answers) Finland Yes
93%
Which countries does Libya border? (Hint: 3 correct answers) Italy No
93%
Which countries border Brazil? (Hint: 3 correct answers) Panama No
93%
Which countries border Saudi Arabia? (Hint: 3 correct answers) Qatar Yes
93%
Which countries border Brazil? (Hint: 3 correct answers) Uruguay Yes
93%
Which countries border Brazil? (Hint: 3 correct answers) Argentina Yes
91%
Which countries border Russia? (Hint: five correct answers) China Yes
91%
Which countries border Russia? (Hint: five correct answers) Estonia Yes
91%
Which countries does Libya border? (Hint: 3 correct answers) France No
91%
Which countries border Russia? (Hint: five correct answers) India No
91%
Which countries border Saudi Arabia? (Hint: 3 correct answers) Iraq Yes
91%
Which countries border Russia? (Hint: five correct answers) Latvia Yes
91%
Which countries does Libya border? (Hint: 3 correct answers) Yemen No
91%
Which countries border Brazil? (Hint: 3 correct answers) Guatemala No
89%
Which countries does Libya border? (Hint: 3 correct answers) Niger Yes
89%
Which countries border Brazil? (Hint: 3 correct answers) Chile No
86%
Which countries border Saudi Arabia? (Hint: 3 correct answers) Egypt No
86%
Which countries borders France? (including territories) (Hint: 4 correct answers) Italy Yes
86%
Which countries border Russia? (Hint: five correct answers) Mongolia Yes
86%
Which countries border Brazil? (Hint: 3 correct answers) Suriname Yes
86%
Which countries borders France? (including territories) (Hint: 4 correct answers) UK No
84%
Which countries borders France? (including territories) (Hint: 4 correct answers) Austria No
82%
Which countries border Russia? (Hint: five correct answers) United States No
82%
Which countries borders France? (including territories) (Hint: 4 correct answers) Netherlands Yes
77%
Which countries does Libya border? (Hint: 3 correct answers) Morocco No
61%
No matching quizzes found
Score Distribution
Percent of People with Each Score
Percentile by Number Answered
Your Score History
You have not taken this quiz